Air Travel Songs - Statistics

General Stats
  • This quiz has been taken 46 times
  • The average score is 7 of 15
Answer Stats
Artist Song Title % Correct
Fifth Dimension Up, Up, and {Away}
95%
Frank Sinatra Fly Me to the {Moon}
93%
R Kelly I {Believe} I Can Fly
85%
Bette Midler {Wind} Beneath my Wings
83%
Elton John {Bennie} and the Jets
78%
John Denver {Leaving} on a Jet Plane
73%
Rush Fly By {Night}
61%
10 cc I'm {Mandy}, Fly Me
27%
Steve Miller Band Jet {Airliner}
27%
Charlie Dore {Pilot} of the Airwaves
22%
Status Quo {Paper} Plane
17%
Cats UK {Luton} Airport
12%
Busted Air {Hostess}
10%
Saxon {747} (Strangers in the Night)
7%
Weird Al Yankovic Airline {Amy}
2%
No matching quizzes found
Score Distribution
Percent of People with Each Score
Percentile by Number Answered
Your Score History
You have not taken this quiz